| 000 | 01145cam a22003497a 4500 | ||
|---|---|---|---|
| 001 | 000104526 | ||
| 003 | CHAP | ||
| 005 | 20220329143726.0 | ||
| 008 | 110419s1986 mx r 00010 spa d | ||
| 010 | _a100988 | ||
| 011 | _a101960 | ||
| 020 | _a9688390283 | ||
| 035 | _a112648 | ||
| 040 | _cCHAP | ||
| 082 | 0 | 4 |
_a681.763 _bV88 |
| 100 | 0 | 0 |
_aVolke Haller, Víctor. _9120643 |
| 245 | 1 | 0 |
_aGeneración de tecnología bajo riego para agricultura de subsistencia / _cpor Victor Volke Haller. |
| 260 |
_aChapingo, Méx. : _bColegio de Postgraduados, _c1986. |
||
| 300 |
_a78 p. : _bcuadros, gráfs. |
||
| 590 |
_aBATCH-UPD _b10 _c20130110 _lUCH01 _h1142 |
||
| 590 |
_aBATCH-UPD _b10 _c20130410 _lUCH01 _h0728 |
||
| 590 |
_aBATCH-UPD _b10 _c20130914 _lUCH01 _h0029 |
||
| 590 |
_aBATCH-UPD _b10 _c20130914 _lUCH01 _h2107 |
||
| 590 |
_aCONVERSION _b10 _c20130109 _lUCH01 _h1356 |
||
| 590 |
_aE11695DGD _b10 _c20150602 _lUCH01 _h1305 |
||
| 650 | 1 | 4 |
_aAgricultura _xAspectos economicos _zMexico. _91312 |
| 650 | 1 | 4 |
_aAgricultura _xInnovaciones tecnológicas. _91565 |
| 650 | 1 | 4 |
_aAgricultura _xRiesgos. _91785 |
| 901 | _aBK | ||
| 942 | _cLIBRO | ||
| 942 | _n0 | ||
| 999 |
_c100988 _d100988 |
||